| Tag |
First Indicator |
Second Indicator |
Subfields |
| LEADER |
00000cam a2200000 4500 |
| 001 |
in00000056001 |
| 005 |
20151008052341.0 |
| 008 |
740328s1925 ncu 00000 eng u |
| 010 |
|
|
|a 25022511
|
| 035 |
|
|
|a (OCoLC)00844797
|
| 035 |
|
|
|9 AAH2953AM
|
| 040 |
|
|
|c AKR
|d TXA
|d UtOrBLW
|
| 049 |
|
|
|a TXAM
|c [36269]
|
| 050 |
0 |
0 |
|a HV91
|b .O4
|
| 092 |
|
|
|a 360
|b O27s
|
| 100 |
1 |
|
|a Odum, Howard Washington,
|d 1884-1954.
|
| 245 |
1 |
0 |
|a Systems of public welfare.
|
| 264 |
|
1 |
|a Chapel Hill, N.C. :
|b U. of N.C. Press,
|c 1925.
|
| 300 |
|
|
|a 4 preliminary leaves, 302 pages :
|b diagrams ;
|c 20 cm.
|
| 336 |
|
|
|a text
|b txt
|2 rdacontent
|
| 337 |
|
|
|a unmediated
|b n
|2 rdamedia
|
| 338 |
|
|
|a volume
|b nc
|2 rdacarrier
|
| 500 |
|
|
|a Contributions by Sophonisba P. Breckenridge, Howard Jensen, Joseph Mayer and Miriam Ross.
|
| 650 |
|
0 |
|a Charity organization.
|
| 650 |
|
0 |
|a Charities
|z United States.
|
| 650 |
|
0 |
|a Social service.
|
| 700 |
1 |
|
|a Willard, D. W.
|q (Dudley Wilson),
|d 1892-1934.
|
| 999 |
|
|
|a MARS
|
| 999 |
f |
f |
|s 73ce0f87-68b6-38ed-9029-9292475e5b66
|i cc822385-00cf-3628-b625-88b2f075c5c4
|t 0
|
| 952 |
f |
f |
|p ric
|a Texas A&M University
|b Rellis Campus
|c Joint Library Facility
|d Remote Storage
|t 0
|e HV91 .O4
|h Library of Congress classification
|i unmediated -- volume
|m A14800808146
|
| 998 |
f |
f |
|a HV91 .O4
|t 0
|l Remote Storage
|